000 00531nam a22001937a 4500
999 _c20994
_d20994
003 OSt
005 20210430140846.0
008 170123b xxu||||| |||| 00| 0 eng d
020 _a1570752389
040 _aMMU
_beng
_cMMU
_dMMU
050 _aBT83.55.C57 2001
100 _aClifford Anne M.
245 _aFeminist Theology/
_cAnne M.Clifford.
260 _aNew York:
_bOrbis books Pub.,
_c2001.
300 _axi,287p. :
500 _aincludes bibliographical references and index
650 _atheology
942 _2lcc
_cLOAN LOAN